AIDS : (Record no. 4443)

MARC details
000 -LEADER
fixed length control field 00914pam a2200277 a 4500
001 - CONTROL NUMBER
control field 3369498
003 - CONTROL NUMBER IDENTIFIER
control field OSt
005 - DATE AND TIME OF LATEST TRANSACTION
control field 20160622161002.0
008 - FIXED-LENGTH DATA ELEMENTS--GENERAL INFORMATION
fixed length control field 871216s1988 mduaf b 001 0 eng c
010 ## - LIBRARY OF CONGRESS CONTROL NUMBER
LC control number 87037126
020 ## - INTERNATIONAL STANDARD BOOK NUMBER
International Standard Book Number 0683034413
040 ## - CATALOGING SOURCE
Original cataloging agency DNLM/DLC
Transcribing agency DLC
Modifying agency DLC
050 00 - LIBRARY OF CONGRESS CALL NUMBER
Classification number RC607.A26
Item number A34573 1988
060 ## - NATIONAL LIBRARY OF MEDICINE CALL NUMBER
Classification number WY 150 A2885
082 00 - DEWEY DECIMAL CLASSIFICATION NUMBER
Classification number QW 551
Item number G27a 1988
245 00 - TITLE STATEMENT
Title AIDS :
Remainder of title concepts in nursing practice /
Statement of responsibility, etc. edited by Gayling Gee, Theresa A. Moran.
260 ## - PUBLICATION, DISTRIBUTION, ETC. (IMPRINT)
Place of publication, distribution, etc. Baltimore :
Name of publisher, distributor, etc. Williams & Wilkins,
Date of publication, distribution, etc. 1988.
300 ## - PHYSICAL DESCRIPTION
Extent xviii, 421 p., [1] leaf of plates :
Other physical details col.ill;
Dimensions 23 cm.
504 ## - BIBLIOGRAPHY, ETC. NOTE
Bibliography, etc Includes bibliographies and index.
650 #0 - SUBJECT ADDED ENTRY--TOPICAL TERM
Topical term or geographic name as entry element AIDS (Disease)
General subdivision Nursing.
9 (RLIN) 9539
650 #2 - SUBJECT ADDED ENTRY--TOPICAL TERM
Topical term or geographic name as entry element Acquired Immunodeficiency Syndrome
General subdivision nursing.
9 (RLIN) 9540
700 1# - ADDED ENTRY--PERSONAL NAME
Personal name Gee, Gayling.
9 (RLIN) 9541
700 1# - ADDED ENTRY--PERSONAL NAME
Personal name Moran, Theresa A.
9 (RLIN) 9542
906 ## - LOCAL DATA ELEMENT F, LDF (RLIN)
a 7
b cbc
c orignew
d 1
e ocip
f 19
g y-gencatlg
942 ## - ADDED ENTRY ELEMENTS (KOHA)
Source of classification or shelving scheme Dewey Decimal Classification
Koha item type Open Shelf
Holdings
Withdrawn status Lost status Source of classification or shelving scheme Damaged status Not for loan Home library Current library Date acquired Inventory number Total Checkouts Full call number Barcode Date last seen Price effective from Koha item type
    Other/Generic Classification Scheme     MUST Main Library MUST Main Library 22/06/2016 1992/5923   QW 551 G27a 1988 2016-2651 22/06/2016 22/06/2016 Open Shelf
    Other/Generic Classification Scheme     MUST Main Library MUST Main Library 22/06/2016 1992/5918   QW 551 G27a 1988 2016-2652 22/06/2016 22/06/2016 Open Shelf
    Other/Generic Classification Scheme     MUST Main Library MUST Main Library 22/06/2016 1992/5916   QW 551 G27a 1988 2016-2653 22/06/2016 22/06/2016 Open Shelf